000 01880nam a22002297a 4500
005 20250507142949.0
008 250507b |||||||| |||| 00| 0 eng d
020 _a9781032937953
037 _cTextual
040 _aRTL
_cRTL
084 _aU18:M95(D:28) Q6;R5
_qRTL
100 _aChuvieco, Emilio
245 _aFundamentals of satellite remote sensing: An environmental approach
250 _a3rd ed.
260 _aBoca Raton
_bCRC Press
_c2025
300 _axv, 415 p. : ill.
_bIncludes bibliographical references and index
520 _aFundamentals of Satellite Remote Sensing: An Environmental Approach, Third Edition, is a definitive guide to remote sensing systems that focuses on satellite-based remote sensing tools and methods for space-based Earth observation (EO). It presents the advantages of using remote sensing data for studying and monitoring the planet, and emphasizes concepts that make the best use of satellite data. The book begins with an introduction to the basic processes that ensure the acquisition of space-borne imagery, and provides an overview of the main satellite observation systems. It then describes visual and digital image analysis, highlights various interpretation techniques, and outlines their applications to science and management. The latter part of the book covers the integration of remote sensing with Geographic Information System (GIS) for environmental analysis. This latest edition has been written to reflect a global audience and covers the most recent advances incorporated since the publication of the previous book, relating to the acquisition and interpretation of remotely sensed data.
650 _aRemote sensing
650 _a Global environmental change--Remote sensing
_9755406
650 _a Environmental monitoring--Remote sensing
_9755407
942 _2CC
_n0
_cTEXL
_hU18:M95(D:28) Q6;R5
999 _c1320325
_d1320325